000 00477nam a2200145Ia 4500
008 151213s9999 xx 000 0 und d
100 _aসত্যেন সেন।
245 _aবাংলার পথে পথে।
_cসত্যেন সেন।
260 _bবালিকালয় প্রকাশনী।
_c1970
300 _a8760 p.
650 _aBangla
650 _aউপন্যাস
700 _aসত্যেন সেন।
999 _c4545
_d4545